Lo santo : (Record no. 177752)
[ view plain ]
| 000 -LEADER | |
|---|---|
| campo de control de longitud fija | 00757nam a22002295i 4500 |
| 001 - NÚMERO DE CONTROL | |
| campo de control | 177752 |
| 003 - IDENTIFICADOR DE NÚMERO DE CONTROL | |
| campo de control | ES-MaACL |
| 005 - FECHA Y HORA DE LA ÚLTIMA TRANSACCIÓN | |
| campo de control | 20250728103619.0 |
| 008 - DATOS DE LONGITUD FIJA--INFORMACIÓN GENERAL | |
| campo de control de longitud fija | 110419s1925 sp |||| | spa d |
| 080 ## - NÚMERO DE LA CLASIFICACIÓN DECIMAL UNIVERSAL | |
| Número de la Clasificación Decimal Universal | 2:1 |
| 080 ## - NÚMERO DE LA CLASIFICACIÓN DECIMAL UNIVERSAL | |
| Número de la Clasificación Decimal Universal | 27-1 |
| 100 1# - ENTRADA PRINCIPAL--NOMBRE DE PERSONA | |
| Nombre de persona | Otto, Rudolf. |
| 9 (RLIN) | 146245 |
| 245 13 - MENCIÓN DEL TÍTULO | |
| Título | Lo santo : |
| Resto del título | lo racional y lo irracional en la idea de Dios / |
| Mención de responsabilidad, etc. | Rodolfo Otto ; traducción de Fernando Vela. |
| 260 ## - PUBLICACIÓN, DISTRIBUCIÓN, ETC. | |
| Lugar de publicación, distribución, etc. | Madrid : |
| Nombre del editor, distribuidor, etc. | Revista de Occidente, |
| Fecha de publicación, distribución, etc. | 1925. |
| 300 ## - DESCRIPCIÓN FÍSICA | |
| Extensión | 221 p. ; |
| Dimensiones | 20 cm. |
| 490 1# - MENCIÓN DE SERIE | |
| Mención de serie | Nuevos hechos, nuevas ideas ; |
| Designación de volumen o secuencia | 2 |
| 650 #4 - PUNTO DE ACCESO ADICIONAL DE MATERIA--TÉRMINO DE MATERIA | |
| Término de materia o nombre geográfico como elemento de entrada | Religión- |
| Subdivisión general | Filosofía |
| 9 (RLIN) | 16799 |
| 700 0# - ENTRADA AGREGADA--NOMBRE PERSONAL | |
| Nombre de persona | Vela, Fernando. |
| 9 (RLIN) | 113674 |
| 830 1# - PUNTO DE ACCESO ADICIONAL DE SERIE-TÍTULO UNIFORME | |
| Título uniforme | Nuevos hechos, nuevas ideas ; |
| Designación de volumen o secuencia | 2 |
| 9 (RLIN) | 184426 |
| 852 ## - LOCALIZACIÓN | |
| Ubicación | ES-MaACL |
| Número de control de estantería | E-14951 |
| Encuadernación | Olim P-209 |
| Estatus retirado | Estado de pérdida | Estado de daño | No para préstamo | Biblioteca de origen | Biblioteca actual | Ubicación en estantería | Fecha de adquisición | Fuente de adquisición | Total de préstamos | Signatura topográfica completa | Código de barras | Visto por última vez | Precio de reemplazo | Tipo de ítem Koha |
|---|---|---|---|---|---|---|---|---|---|---|---|---|---|---|
| Biblioteca del Ateneo de Madrid | Biblioteca del Ateneo de Madrid | Depósito 2 | 19/04/2011 | E-14951 | 1186733 | 23/02/2023 | 23/02/2023 | Libro impreso |
